LEADER 00945cam0 22002533 450 001 SOB004763 005 20201221111105.0 010 $a8809400798 100 $a20040211d1994 |||||ita|0103 ba 101 $aita 102 $aIT 200 1 $aMUSFU - Memoria uditiva sequenziale e fusione uditiva$eLa prevenzione e il trattamento delle difficoltà di lettura e scrittura - Manuale$fCesare Cornoldi 210 $aFirenze$cOrganizzazioni Speciali$d1994 215 $a42 p.$d24 cm.$eMateriale allegato 700 1$aCornoldi$b, Cesare$3AF00005809$4070$0437867 801 0$aIT$bUNISOB$c20201221$gRICA 850 $aUNISOB 852 $aUNISOB$j150$m105392 912 $aSOB004763 940 $aM 102 Monografia moderna SBN 941 $aM 957 $a150$b001497$gSI$d105392$racquisto$1carrano$2UNISOB$3UNISOB$420120524091043.0$520120524091128.0$6carrano 996 $aMUSFU - Memoria uditiva sequenziale e fusione uditiva$91730536 997 $aUNISOB LEADER 01038nam a22002531i 4500 001 991003970149707536 005 20040707111258.0 008 040802s1993 it a||||||||||||||||ita 035 $ab13153924-39ule_inst 035 $aARCHE-110653$9ExL 040 $aBiblioteca Interfacoltà$bita$cA.t.i. Arché s.c.r.l. Pandora Sicilia s.r.l. 082 04$a681.1109 100 1 $aBoccolari, Giorgio$0490619 245 10$aKronos :$bstoria della misurazione del tempo a Modena /$cGiorgio Boccolari 260 $aModena :$bAedes Muratoriana,$c1993 300 $a164 p. :$bill. ;$c31 cm 440 0$aBiblioteca [della] Deputazione di storia patria per le antiche provincie modenesi.$nSerie speciale ;$v19 650 4$aOrologi$xModena$xStoria 907 $a.b13153924$b02-04-14$c05-08-04 912 $a991003970149707536 945 $aLE002 St. XXIII F 6$g1$i2002000405623$lle002$nC. 1$o-$pE0.00$q-$rl$s- $t0$u0$v0$w0$x0$y.i13792258$z05-08-04 996 $aKronos$9311064 997 $aUNISALENTO 998 $ale002$b05-08-04$cm$da $e-$fita$git $h0$i1